Elements of argument: a text and reader

Na minha lista:
Detalhes bibliográficos
Autor principal: Rottenberg, Annette T (Autor)
Formato: Livro
Idioma:inglês
Publicado em: Boston Bedford 2003
Assuntos:
Tags: Adicionar Tag
Sem tags, seja o primeiro a adicionar uma tag!

MARC

LEADER 00000nam a2200000 a 4500
001 UCK1037
003 CL-VaPUC
008 041029e20030000US |||||||||||||||||eng|d
020 |a 0312397771 
082 0 4 |a 808  |b ROT  |2 21 
100 0 |a Rottenberg, Annette T  |e author  |9 488869 
245 1 0 |a Elements of argument: a text and reader 
300 |a 756 p 
942 |c BK 
945 |d 20041029 00:00:00  |a cmena 
260 |a Boston  |b Bedford  |c 2003 
650 0 |a Retórica   |9 266620 
650 0 |a Análisis del discurso  |9 256696 
650 7 |a PERSUASION  |2 CL-VaPUC  |9 333321 
650 0 |a Argumentación   |9 257103 
583 |a last modification  |c 20041029 00:00:00  |k Rodrigo Vera 
999 |c 311170  |d 311168 
952 |0 0  |1 0  |4 0  |6 808_000000000000000_ROT_2003  |7 0  |8 A  |9 380456  |a FDOPOS  |b FDOPOS  |d 2019-11-21  |i 4074904  |o 808 ROT 2003  |p 4074904  |r 2025-01-22  |w 2019-11-21  |y BK  |k MLA